| 000 | 00782cam a2200229 4500 | ||
|---|---|---|---|
| 001 | WB3703-22 | ||
| 008 | 000000n2001 000 0 eng u | ||
| 035 | _a(Sirsi) u110436 | ||
| 245 | _aNew tools for neighbourhood renewal | ||
| 260 | _c2001 | ||
| 490 |
_aDETR News Release _v(012) 15 January 2001(4) |
||
| 520 | _aAs part of the new government policy for neighbourhood renewal, describes the Neighbourhood Management Programme and lists eligible areas for funding; discusses the role of the new 'neighbourhood managers'. | ||
| 590 | _aWB | ||
| 650 | _aDETR | ||
| 650 | _aNEIGHBOURHOOD RENEWAL | ||
| 650 | _aNEIGHBOURHOOD MANAGEMENT | ||
| 650 | _aGOVERNMENT POLICY | ||
| 650 | _aURBAN RENEWAL | ||
| 650 | _aLOCAL AUTHORITIES | ||
| 690 | _aREGENERATION | ||
| 942 | _n0 | ||
| 999 |
_c65839 _d65839 |
||